|
|
|
|
| LEADER |
00000nam0a2200000 4500 |
| 001 |
98887 |
| 005 |
20231031111444.0 |
| 010 |
|
|
|a 5947988763
|
| 035 |
|
|
|a (RuTPU)RU\TPU\book\106032
|
| 090 |
|
|
|a 98887
|
| 100 |
|
|
|a 20060623d2006 m y0rusy50 ca
|
| 101 |
0 |
|
|a rus
|
| 102 |
|
|
|a RU
|
| 105 |
|
|
|a a j 001zy
|
| 200 |
1 |
|
|a Экология
|e учебное пособие
|f А. В. Маринченко
|
| 210 |
|
|
|a Москва
|c Дашков и К
|d 2006
|
| 215 |
|
|
|a 332 с.
|c ил.
|
| 320 |
|
|
|a Библиогр.: с. 295-296.
|
| 320 |
|
|
|a Словарь терминов: с. 303-314.
|
| 330 |
|
|
|a Учебное пособие написано в соответствии с Примерной программой Министерства образования и науки РФ по дисциплине "Экология" и с учетом государственных образовательных стандартов высших учебных заведений для экономических и социально-гуманитарных специальностей. В данном пособии изложены основные понятия и законы экологии; проблемы окружающей среды и основные принципы природопользования; основные источники и загрязняющие вещества атмосферы, гидросферы и литосферы. Рассмотрены проблемы сохранения среды обитания, ее влияние на здоровье человека. Представлены государственные, правовые и социальные аспекты охраны окружающей среды, основы экологического мониторинга. Учебное пособие дополнено основными понятиями, терминами и тестами. Для студентов высших и средних специальных учебных заведений, преподавателей, а также всех, кто интересуется вопросами экологии.
|
| 333 |
|
|
|a Исключено из фонда НТБ ТПУ
|
| 451 |
|
1 |
|0 (RuTPU)RU\TPU\book\157627
|y 978-5-91131-910-6
|t Экология
|o учебное пособие
|f А. В. Маринченко
|c Москва
|n Дашков и К
|d 2009
|p 328 с.
|a Маринченко, Анатолий Васильевич
|
| 675 |
|
|
|a 504(075.8)
|v 3
|
| 700 |
|
1 |
|a Маринченко
|b А. В.
|g Анатолий Васильевич
|
| 801 |
|
1 |
|a RU
|b 63413507
|c 20060623
|g PSBO
|
| 801 |
|
2 |
|a RU
|b 63413507
|c 20210601
|g PSBO
|
| 942 |
|
|
|c BK
|
| 959 |
|
|
|a 57/20060619
|d 1
|e 172,37
|f ЧЗТЛ:1
|